Land vs. Land #95 - Statistiken

Allgemein
  • Dieses Quiz wurde 16 mal gespielt
  • Das Durchschnittsergebnis liegt bei 11 aus 14
Antwortstatistiken
Frage Antwort % Korrekt
...Fläche? Kolumbien🇨🇴
100%
...Einwohner? Kolumbien🇨🇴
100%
...Bruttoinlandsprodukt? Kolumbien🇨🇴
100%
...Militär? Kolumbien🇨🇴
100%
...Tourismus? Kolumbien🇨🇴
100%
...Lebenserwartung? Kolumbien🇨🇴
100%
...Gewinner? Kolumbien🇨🇴
100%
...HDI (Human Development Index)? Kolumbien🇨🇴
93%
...Gesundheitswesen? Kolumbien🇨🇴
93%
...durchschnittlicher IQ? Kolumbien🇨🇴
93%
...Frieden? Gabun🇬🇦
64%
...Happy Planet Index? Kolumbien🇨🇴
50%
...Bruttoinlandsprodukt pro Kopf? Gabun🇬🇦
7%
...Exportmengen? Gabun🇬🇦
7%
Keine übereinstimmenden Quizze gefunden
Verteilung der Resultate
Anzahl Personen mit jedem Resultat
Perzentil nach korrekt beantworteten Fragen
Ihre Resultats-Entwicklung
Sie haben dieses Quiz noch nicht gespielt